| 000 | 00347nam a2200097Ia 4500 | ||
|---|---|---|---|
| 082 | _a378.68 TRAN | ||
| 245 | 0 | _aTransformation in higher education : global pressures and local realities in South Africa | |
| 100 |
_a Cloete, Nico Lansdowne [Cape Town, South Africa], 2002 _966064 |
||
| 942 | _cBK | ||
| 008 | 210817s9999 xx 000 0 und d | ||
| 999 |
_c211626 _d211625 |
||